000 00902nam a22002297a 4500
999 _c2816
_d2816
003 AR-CdUCM
008 190305b ||||| |||| 00| 0 spa d
040 _aMUNICIPALIDAD PROVINCIAL DEL CUSCO
_cBIBLIOTECA MUNICIPAL DEL CUSCO
082 _a985.009 /
_bOR73
100 _aOrtega, Julio
_95562
245 _aVentura García Calderón /
260 _aLima :
_bVisión Peruana,
_bMonterrico,
_c1987.
300 _a59 páginas ;
_bilustraciones,
_c21 cm.
440 _aLos que hicieron el Perú, Biblioteca visión peruana.
_n4
_99806
500 _aEsta publicación es un aporte de la revista Visión Peruana"--Cubierta posterior.
505 _aContenido: Ventura García Calderón -- La formación -- La generación de 1905 -- El retorno -- El desarraigo -- Idea del Perú ...
650 _aLiteratos
_9754
650 _aBiografía
_922
650 _aPerú
_935
942 _2ddc
_cLIBROS
945 _aachl